000 01933nam a22003377a 4500
003 GR-AtMCL
005 20250724120458.0
006 a|||||r|||||||||||
008 070208s2003||||gr a|||e ||| 001 gre #
020 _a9608050928
040 _aGRAtEVE
_bgre
_dGR-AtMCL
_eAACR2
041 1 _heng
100 1 _aLipschutz, Seymour
_4aut
_9197489
245 1 0 _aΘεωρία και προβλήματα στα διακριτά μαθηματικά /
_cSeymour Lipschutz [και] Marc Lars Lipson ; επιμέλεια μετάφρασης Γεώργιος Λ. Μπλέρης ; μετάφραση Λεωνίδας Γαβριηλίδης
250 _a2η έκδ.
260 _aΘεσσαλονίκη :
_bΤζιόλα,
_cc2003
300 _a600σ. :
_bεικ. ;
_c29εκ.
490 1 _aSchaum's outline series
500 _aΕυρετήρια: σ. 593-600
500 _aΤίτλος πρωτοτύπου: Discrete mathematics
520 _aΘεωρία συνόλων, Σχέσεις, Συναρτήσεις, και αλγόριθμοι, Λογική και προτασιακός λογισμός, Διανύσματα και πίνακες, Αρίθμηση, Θεωρία πιθανοτήτων, Θεωρία Γραφημάτων, Κατευθυνόμενα γραφήματα, Δυαδικά δένδρα, Ιδιότητες των ακεραίων, Αλγεβρικά συστήματα, Γλώσσες, Γραμματικές, Μηχανές, Διατεταγμένα σύνολα και πλέγματα, Άλγεβρα Boole, Σχέσεις περιοδικής επανάληψης, κ.α.
650 _aΆλγεβρα
650 0 _aΠληροφορική
_99850
650 0 _aComputing
_99851
700 1 _aLipson, Marc
_4070
700 1 _aΜπλέρης, Γεώργιος
700 1 _aΓαβριηλίδης, Λεωνίδας
_4730
830 0 _aSchaum's outline series
942 _cBK
999 _c9822
_d9822